000 00972nam a22002657a 4500
005 20240219113600.0
008 230823b ||||| |||| 00| 0 eng d
020 _a9780197554418
020 _a9780197637173
040 _aCO-BoUCM
_cDavid Moreno
_dDavid Moreno
041 _aeng
060 _aQL 362
100 1 _aBrusca, Richard C.
_976964
245 1 0 _aInvertebrates /
_cRichard C. Brusca, Gonzalo Giribet, Wendy Moore
250 _aFourth edition
260 _aNew York
_bOxford University Press
_c[2023]
300 _axviii, 939 Paginas
_bilustraciones
500 _aRevised edition of: Invertebrates / Richard C. Brusca, Wendy Moore, Stephen M. Shuster. Third edition. 2016.
504 _aIncluye referencias bibliográficas e índices
650 1 7 _aAnimales
_xInvertebrados
_9178501
700 1 _aGiribet, Gonzalo
_9178502
700 1 _aMoore, Wendy
_976965
942 _2DEWEY
_a14
_cLIBRO
_e4
_h592
_mB912i
_n0
999 _c323046
_d323046